Jeux de cartes par images - Statistiques

Statistiques générales
  • Ce quiz a été pris 173 fois
  • Le résultat moyen est 10 sur 18
Statistiques - réponses
Par images Réponse % Correct
Pokémon TCG
99%
UNO
98%
Loup-Garou
89%
Mille-Bornes
78%
Jeu de tarot
74%
SKYJO
70%
Dobble
63%
Limite Limite
63%
Jungle Speed
57%
Yu-Gi-Oh!
54%
6 qui prend!
47%
Magic The Gathering
43%
Code Names
42%
BANG!
26%
Mito
26%
Love Letter
16%
Hanabi
11%
Time Bomb
11%
Aucun quiz correspondant
Distribution des résultats
% des personnes avec chaque résultat
Percentile par nombre de réponses
Votre historique - résultats
Vous n’avez pas pris ce quiz